000 01805nam a2200265 4500
001 6112
010 _a9789899800977
021 _b446447/18
090 _a6112
100 _a20260121d2025 cd|y0pory50030103ba
200 1 _aA Pedra falante
_ftexto Mundos de Vida
_gil. Yara Kono
210 9 _aLousado
_cMundos de Vida
_d2018
215 _a41 p.
_cil.
_d29 cm
225 2 _aDia nacional do pijama
_v7
330 _aQuando descobrem o motivo pelo qual um meninotraz pedrinhas para a escola, a Maria, a Milu e o Quincas decidem ajudá-lo para que volte a ter paz. Mas, quando se preparam para rir o coração desse novo amigo com um presente da avó Mimosa, tudo muda. O que começa por ser um momento familiar tristetransforma-se numa aventura perigosa, já que as pedras são injustamente acusadas de causarem todo o mal. Numa terra desanimada, com menos árvores e menos crianças, as pedrinhas que trazem nos bolsos são inocentes, mas ninguém parece importar-se. A coragem dos três amigos, à qual se junta uma criatura fantástica, vai deslindar o segredo das pedras. Esta deliciosa aventura fala da possibilidade de sermos amados e de vivermos num mundo melhor. Escrito para filhos e pais, o sétimo livro da coleção «Dia Nacional do Pijama» é uma história maravilhosa sobre a importância de deixarmos as escolhas nossas em nossas próprias mãos.
606 _914
_aLiteratura infantil
606 _915
_aLiteratura Portuguesa
675 _a82-93
_vBN
_zpor
675 _a821.134.3
_vBN
_zpor
702 _aKono
_bYara
_f1972-
_9663
710 _aMundos de Vida - Associação para a Educação e Solidariedade
_95808
801 0 _aPT
_bBMVN
_gRPC
830 _cAna Caetano
_d21/01/2026
856 4 1 _uhttp://rnod.bnportugal.gov.pt/ImagesBN/winlibimg.aspx?skey=&doc=2230414&img=214579&save=true
990 _cLIVROS